Countries Metro Boomin has Visited - Statistics

General Stats
  • This quiz has been taken 41 times
    11 since last reset
  • The average score is 12 of 22
Answer Stats
Continent Country % Correct
Oceania Australia
100%
North America Canada
100%
Africa Egypt
100%
Europe France
100%
Europe Italy
100%
Europe Norway
80%
Europe Poland
80%
Europe United Kingdom
80%
North America United States of America
80%
Europe Belgium
60%
Asia China
60%
Oceania New Zealand
60%
Europe Finland
40%
Europe Ireland
40%
Europe Netherlands
40%
Europe Romania
40%
Europe Portugal
20%
Asia Saudi Arabia
20%
Africa Burundi
0%
Europe Latvia
0%
Europe Switzerland
0%
Asia United Arab Emirates
0%
No matching quizzes found
Score Distribution
Percent of People with Each Score
Percentile by Number Answered
Your Score History
You have not taken this quiz since the last reset